| 000 | 00556nam a22001937a 4500 | ||
|---|---|---|---|
| 003 | OSt | ||
| 005 | 20141215135419.0 | ||
| 008 | 141215b xxu||||| |||| 00| 0 eng d | ||
| 020 | _a041256730x | ||
| 040 | _cDNLM | ||
| 082 | _aW 322 P964e 1996 | ||
| 100 |
_aPugh Richard _92212 |
||
| 245 |
_aEffective Language in Health and Social Work / _cRichard Pugh |
||
| 260 |
_aLondon: _bChapman & Hall; _c1996 |
||
| 300 |
_axiv,167 p : _c27 cm |
||
| 504 | _aIncludes Bibliographical references and index | ||
| 650 |
_aHealth and Social Work _92213 |
||
| 942 |
_2z _cSLOAN |
||
| 999 |
_c817 _d817 |
||